[Event "14th EUR-ch"]
[Site "Legnica POL"]
[Date "2013.05.05"]
[Round "1"]
[White "Papp, Gabor"]
[Black "Svana, Peter"]
[Result "1-0"]
[WhiteElo "2570"]
[BlackElo "2255"]
[EventDate "2013.05.05"]
[PlyCount "67"]

1.e4 c5 2.Nf3 d6 3.d4 Nf6 4.Nc3 cxd4 5.Nxd4 a6 6.h3 b5 7.g4 Bb7 8.Bg2 e6 
9.a3 h6 10.O-O Nbd7 11.Re1 Qc7 12.f4 O-O-O 13.Qe2 d5 14.e5 Bc5 15.Be3 Ne4 
16.Nxe4 dxe4 17.b4 Bxd4 18.Bxd4 Nb6 19.c3 Kb8 20.Bxe4 Nd5 21.Qf3 f5 22.
exf6 gxf6 23.a4 e5 24.fxe5 fxe5 25.Bc5 bxa4 26.Rxa4 Rhe8 27.Ra2 Nf4 28.Re3
Qf7 29.Rf2 Bc8 30.Kh2 Qg7 31.Qg3 Qg5 32.b5 a5 33.Rb2 Kc7 34.Re1 1-0

[Event "14th EUR-ch"]
[Site "Legnica POL"]
[Date "2013.05.05"]
[Round "1"]
[White "Papasimakopoulos, Alexandros"]
[Black "Parligras, Mircea"]
[Result "1/2-1/2"]
[WhiteElo "2242"]
[BlackElo "2570"]
[EventDate "2013.05.05"]
[PlyCount "81"]

1.d4 Nf6 2.c4 e6 3.Nc3 Bb4 4.e3 O-O 5.Ne2 Re8 6.a3 Bf8 7.d5 d6 8.g3 Nbd7 
9.Bg2 Ne5 10.b3 exd5 11.cxd5 Bg4 12.f4 Ned7 13.Qc2 Bxe2 14.Nxe2 g6 15.Bd2 
Bg7 16.Rc1 Rc8 17.O-O Ng4 18.Qd3 Nc5 19.Rxc5 dxc5 20.e4 Nf6 21.Nc3 Nd7 22.
Bh3 Qe7 23.e5 Rcd8 24.a4 Kh8 25.a5 Nb8 26.Qc4 f6 27.Ne4 fxe5 28.f5 gxf5 
29.Rxf5 h6 30.Nxc5 c6 31.Rh5 cxd5 32.Qc1 Rd6 33.Bxh6 Rxh6 34.Rxh6+ Bxh6 
35.Qxh6+ Qh7 36.Qf6+ Qg7 37.Qh4+ Qh7 38.Qf6+ Qg7 39.Qh4+ Qh7 40.Qf6+ Qg7 
41.Qh4+ 1/2-1/2

[Event "14th EUR-ch"]
[Site "Legnica POL"]
[Date "2013.05.05"]
[Round "1"]
[White "Ruck, Robert"]
[Black "Rindlisbacher, Jan"]
[Result "1-0"]
[WhiteElo "2570"]
[BlackElo "2241"]
[EventDate "2013.05.05"]
[PlyCount "49"]

1.c4 Nf6 2.Nf3 e6 3.Nc3 Bb4 4.g3 O-O 5.Bg2 d6 6.O-O Bxc3 7.bxc3 e5 8.d3 
Re8 9.e4 c5 10.Ne1 Nc6 11.Nc2 Rb8 12.f4 Bg4 13.Qe1 exf4 14.gxf4 Qd7 15.f5 
Ne5 16.Bg5 Qd8 17.Ne3 h6 18.Bh4 Nxd3 19.Qg3 Be2 20.Nd5 Nh5 21.Qh3 Qd7 22.
Qe3 Bxf1 23.Bxf1 Ndf4 24.Nxf4 Nxf4 25.Qxf4 1-0

[Event "14th EUR-ch"]
[Site "Legnica POL"]
[Date "2013.05.05"]
[Round "1"]
[White "Nikolaidis, Konstantinos"]
[Black "Markowski, Tomasz"]
[Result "0-1"]
[WhiteElo "2238"]
[BlackElo "2567"]
[EventDate "2013.05.05"]
[PlyCount "86"]

1.e4 c5 2.Nf3 e6 3.d4 cxd4 4.Nxd4 Nf6 5.Nc3 d6 6.g4 h6 7.h3 Nc6 8.Be3 Bd7 
9.Qe2 Nxd4 10.Bxd4 e5 11.Be3 Rc8 12.Bg2 a6 13.O-O Be7 14.a4 Qa5 15.Bd2 Qc7
16.Rfc1 O-O 17.a5 Be6 18.Be3 Nh7 19.Nd5 Bxd5 20.exd5 Bg5 21.c4 Bxe3 22.
fxe3 Nf6 23.b4 e4 24.Qd2 Rfe8 25.Rc2 Re5 26.Rac1 Rce8 27.Rf1 Qe7 28.Rf4 h5
29.gxh5 Nxh5 30.Rf2 Qg5 31.Kf1 f5 32.Ke1 Qg3 33.Kd1 f4 34.Rc3 f3 35.Bf1 
Qg1 36.Qe1 Ng3 37.Rcc2 Rf8 38.c5 Rxd5+ 39.Rcd2 Rxd2+ 40.Kxd2 Nxf1+ 41.Qxf1
Qxf1 42.Rxf1 dxc5 43.bxc5 Rd8+ 0-1

[Event "14th EUR-ch"]
[Site "Legnica POL"]
[Date "2013.05.05"]
[Round "1"]
[White "Oleksienko, Mykhailo"]
[Black "Simeonidis, Ioannis"]
[Result "1-0"]
[WhiteElo "2565"]
[BlackElo "2237"]
[EventDate "2013.05.05"]
[PlyCount "22"]

1.e4 c6 2.d4 d5 3.e5 Bf5 4.Nd2 e6 5.Nb3 Nd7 6.Nf3 Ne7 7.Be2 Nc8 8.O-O Be7 
9.a4 O-O 10.a5 a6 11.Be3 Na7 12.Bd3 Bxd3 13.Qxd3 Rc8 14.Nc5 Nxc5 15.dxc5 
Nb5 16.c3 Qc7 17.Rfe1 h6 18.Bd4 Nxd4 19.cxd4 Rce8 20.Re3 f5 21.exf6 Bxf6 
22.Qe2 Qf4 23.Rxe6 Rxe6 24.Qxe6+ Kh8 25.Rd1 g5 26.h3 h5 27.Qe3 Qf5 28.Qd3 
Qe4 29.Qxe4 dxe4 30.Ne1 Rd8 31.Nc2 Kg7 32.g4 hxg4 33.hxg4 Kg6 34.Kf1 Bg7 
35.Ke2 Rf8 36.b4 Rf3 37.Ne3 Bf6 38.d5 cxd5 39.Rxd5 Bc3 40.Rd6+ Rf6 41.Nd5 
Rxd6 42.cxd6 1-0

[Event "14th EUR-ch"]
[Site "Legnica POL"]
[Date "2013.05.05"]
[Round "1"]
[White "Lewtak, Damian"]
[Black "Shomoev, Anton"]
[Result "1-0"]
[WhiteElo "2224"]
[BlackElo "2561"]
[EventDate "2013.05.05"]
[PlyCount "127"]

1.e4 g6 2.d4 Bg7 3.Nf3 d6 4.Be2 Nf6 5.Nc3 O-O 6.Be3 a6 7.a4 b6 8.O-O e6 9.
Nd2 Bb7 10.Qe1 c5 11.dxc5 bxc5 12.e5 Nd5 13.Nxd5 exd5 14.exd6 Qxd6 15.Bf3 
Nc6 16.g3 Rac8 17.Qd1 Rfd8 18.Rb1 a5 19.Re1 Ba6 20.Bg2 Nb4 21.Bf4 Qd7 22.
Bf1 Bxf1 23.Nxf1 Qxa4 24.c3 Qxd1 25.Rexd1 Nc6 26.Ne3 d4 27.cxd4 Nxd4 28.
Kf1 c4 29.Ra1 Rc5 30.Nc2 Bf6 31.Rd2 Ne6 32.Rxd8+ Nxd8 33.Be3 Rb5 34.Ra4 
Bxb2 35.Rxc4 Kg7 36.Ke2 Ne6 37.Ra4 Nc5 38.Ra2 Bf6 39.Na3 Rb4 40.Bxc5 Rb3 
41.Nc2 Rc3 42.Be3 a4 43.Kd2 Rc4 44.Ne1 g5 45.Nd3 Kg6 46.Nc5 Kf5 47.Rxa4 
Rxa4 48.Nxa4 Kg4 49.Ke2 Kh3 50.Nc5 Be7 51.Ne4 h6 52.Bc5 Bd8 53.Bf8 h5 54.
Bh6 g4 55.Bg5 Bc7 56.Nf6 Bd8 57.Bh4 Bb6 58.Nxh5 Kxh2 59.Bg5 Kg2 60.Be3 Bd8
61.Nf4+ Kh2 62.Kd3 f5 63.Kd4 Bb6+ 64.Ke5 1-0

[Event "14th EUR-ch"]
[Site "Legnica POL"]
[Date "2013.05.05"]
[Round "1"]
[White "Moranda, Wojciech"]
[Black "Dubinski, Mateusz"]
[Result "1-0"]
[WhiteElo "2560"]
[BlackElo "2219"]
[EventDate "2013.05.05"]
[PlyCount "73"]

1.d4 Nf6 2.c4 g6 3.Nc3 Bg7 4.e4 d6 5.f4 O-O 6.Nf3 c5 7.d5 b5 8.cxb5 a6 9.
a4 Bb7 10.Bc4 axb5 11.Bxb5 Na6 12.O-O Nc7 13.Bc4 e6 14.dxe6 fxe6 15.e5 
Nfd5 16.exd6 Qxd6 17.Ne2 Qc6 18.a5 Nb4 19.Ng3 Nb5 20.Qe2 Nd4 21.Nxd4 Bxd4+
22.Kh1 Kh8 23.Ra3 Rf6 24.Bb5 Qc7 25.a6 Bd5 26.Ne4 Rf5 27.Ng5 Qb6 28.Rh3 
Ra7 29.Bd2 Nxa6 30.Bd3 Rf6 31.Bc3 Bxc3 32.bxc3 Qd6 33.c4 Ba8 34.Qb2 Qd4 
35.Qb6 Rff7 36.Nxf7+ Rxf7 37.Qxa6 1-0

[Event "14th EUR-ch"]
[Site "Legnica POL"]
[Date "2013.05.05"]
[Round "1"]
[White "Hristodoulou, Panagiotis"]
[Black "Grigorian, Karen"]
[Result "1/2-1/2"]
[WhiteElo "2219"]
[BlackElo "2559"]
[EventDate "2013.05.05"]
[PlyCount "80"]

1.e4 Nf6 2.e5 Nd5 3.d4 d6 4.c4 Nb6 5.exd6 cxd6 6.Nc3 g6 7.Be3 Bg7 8.Rc1 
O-O 9.b3 e5 10.dxe5 dxe5 11.Qxd8 Rxd8 12.c5 N6d7 13.Bc4 Nc6 14.Nf3 Na5 15.
Be2 Nf8 16.O-O Nc6 17.Ng5 h6 18.Nge4 Nd4 19.Rfd1 Nxe2+ 20.Nxe2 Bd7 21.N2c3
Ne6 22.f3 Nd4 23.Bxd4 exd4 24.Nd5 Kf8 25.Nd6 Rab8 26.Kf2 h5 27.g3 a5 28.
Nc7 Bc6 29.Ncb5 Bxb5 30.Nxb5 Rd5 31.Rc4 Rbd8 32.Nc7 R5d7 33.Nb5 d3 34.f4 
Re7 35.Kf3 Re6 36.Nd6 b6 37.Nb7 Rb8 38.c6 Rc8 39.Rxd3 Rexc6 40.Nd6 R8c7 
1/2-1/2

[Event "14th EUR-ch"]
[Site "Legnica POL"]
[Date "2013.05.05"]
[Round "1"]
[White "Esen, Baris"]
[Black "Goluch, Piotr"]
[Result "1/2-1/2"]
[WhiteElo "2557"]
[BlackElo "2215"]
[EventDate "2013.05.05"]
[PlyCount "72"]

1.d4 Nf6 2.Nf3 g6 3.c4 c5 4.Nc3 cxd4 5.Nxd4 Bg7 6.e4 Nc6 7.Nc2 O-O 8.Be2 
d6 9.O-O Nd7 10.Bd2 a5 11.Na3 Nc5 12.Nab5 Nd4 13.Nxd4 Bxd4 14.Bh6 Bg7 15.
Bxg7 Kxg7 16.f4 Qb6 17.Qd4+ f6 18.Nd5 Qa7 19.e5 dxe5 20.fxe5 Nd7 21.exf6+ 
exf6 22.Rad1 Qxd4+ 23.Rxd4 Ra6 24.Re4 Rd6 25.Re7+ Rf7 26.Re8 Rf8 27.Re7+ 
Rf7 28.Bg4 b5 29.Re8 bxc4 30.Rxc8 Rxd5 31.Be6 Rd2 32.Bxf7 Kxf7 33.Rf4 Rd1+
34.Rf1 Rd2 35.Rf2 Rd1+ 36.Rf1 Rd2 1/2-1/2

[Event "14th EUR-ch"]
[Site "Legnica POL"]
[Date "2013.05.05"]
[Round "1"]
[White "Matsenko, Andrei"]
[Black "Grandelius, Nils"]
[Result "0-1"]
[WhiteElo "2212"]
[BlackElo "2556"]
[EventDate "2013.05.05"]
[PlyCount "68"]

1.e4 c5 2.Nf3 d6 3.d4 cxd4 4.Nxd4 Nf6 5.Nc3 a6 6.g3 e6 7.Bg2 Bd7 8.O-O Nc6
9.Be3 Be7 10.a4 O-O 11.Qe2 Qc7 12.Rfd1 Ne5 13.Kh1 Rab8 14.f4 Nc4 15.Bc1 
Rfc8 16.b3 Na5 17.Bb2 Nc6 18.Ndb5 axb5 19.Nxb5 Qb6 20.Nxd6 Rd8 21.e5 Ne8 
22.a5 Nxa5 23.Bd4 Qc7 24.Qf2 b6 25.b4 Nc6 26.Nb5 Qb7 27.Be3 Bxb4 28.Na7 
Bc3 29.Ra3 Ba5 30.Nb5 Qc8 31.c3 Ne7 32.Nd6 Nxd6 33.exd6 Bc6 34.Raa1 Nf5 
0-1

[Event "14th EUR-ch"]
[Site "Legnica POL"]
[Date "2013.05.05"]
[Round "1"]
[White "Djukic, Nikola"]
[Black "Pavlidou, Ekaterini"]
[Result "1-0"]
[WhiteElo "2555"]
[BlackElo "2209"]
[EventDate "2013.05.05"]
[PlyCount "91"]

1.Nf3 Nf6 2.g3 g6 3.Bg2 Bg7 4.O-O O-O 5.d3 d5 6.Nbd2 c5 7.e4 Nc6 8.Re1 e5 
9.exd5 Nxd5 10.Nc4 Re8 11.Ng5 f5 12.f4 h6 13.Nh3 e4 14.dxe4 fxe4 15.Nf2 
Be6 16.Nxe4 Nxf4 17.Bxf4 Bxc4 18.c3 g5 19.Be3 Re5 20.Qxd8+ Rxd8 21.Nxc5 
Rde8 22.Bf2 Rxe1+ 23.Rxe1 Rxe1+ 24.Bxe1 Bxa2 25.Nxb7 Ne5 26.Nc5 Bf8 27.Bf2
Bc4 28.b4 g4 29.Ne4 a6 30.Nd2 Be6 31.Bd4 Bg7 32.Bb7 h5 33.Bxa6 Bh6 34.Bxe5
Bxd2 35.Kf2 Kf7 36.Bd3 Bd5 37.b5 Bg5 38.c4 Bf3 39.c5 Ke6 40.Bf4 Be7 41.c6 
h4 42.gxh4 Bxh4+ 43.Ke3 Be7 44.Be4 Bc5+ 45.Kd3 Bb6 46.c7 1-0

[Event "14th EUR-ch"]
[Site "Legnica POL"]
[Date "2013.05.05"]
[Round "1"]
[White "Leiber, Bernard"]
[Black "Jianu, Vlad-Cristian"]
[Result "0-1"]
[WhiteElo "2209"]
[BlackElo "2555"]
[EventDate "2013.05.05"]
[PlyCount "44"]

1.d4 Nf6 2.Nf3 g6 3.c4 Bg7 4.Nc3 O-O 5.Bg5 c5 6.d5 d6 7.e4 h6 8.Bh4 b5 9.
cxb5 a6 10.Qc2 g5 11.Bg3 Nh5 12.Be2 axb5 13.Bxb5 Qa5 14.Bd3 Na6 15.Be2 f5 
16.exf5 Bxf5 17.Qd2 Nxg3 18.hxg3 Rfb8 19.O-O Qb4 20.Qe3 Qxb2 21.Rac1 Nb4 
22.Ne1 Bd4 0-1

[Event "14th EUR-ch"]
[Site "Legnica POL"]
[Date "2013.05.05"]
[Round "1"]
[White "Goganov, Alexei"]
[Black "Sabuk, Piotr"]
[Result "1-0"]
[WhiteElo "2552"]
[BlackElo "2206"]
[EventDate "2013.05.05"]
[PlyCount "47"]

1.e4 e5 2.Nf3 Nc6 3.Nc3 g6 4.d4 exd4 5.Nd5 Bg7 6.Bg5 Nce7 7.Nxd4 c6 8.Nc3 
h6 9.Be3 d5 10.exd5 Nxd5 11.Nxd5 Qxd5 12.Nb5 Qe5 13.Nd6+ Ke7 14.Nc4 Qd5 
15.Qe2 Be6 16.Rd1 Qf5 17.Qd2 Kf8 18.Qd6+ Ke8 19.Qb4 Bxc4 20.Bxc4 b6 21.O-O
Ne7 22.Rfe1 c5 23.Qa4+ Kf8 24.Qxa7 1-0

[Event "14th EUR-ch"]
[Site "Legnica POL"]
[Date "2013.05.05"]
[Round "1"]
[White "Gritsak, Orest"]
[Black "Iwanow, Anna"]
[Result "1-0"]
[WhiteElo "2549"]
[BlackElo "2195"]
[EventDate "2013.05.05"]
[PlyCount "77"]

1.Nf3 Nf6 2.c4 g6 3.g3 Bg7 4.Bg2 d5 5.O-O O-O 6.d4 dxc4 7.Na3 Na6 8.Nxc4 
c5 9.b3 Bf5 10.Bb2 Be4 11.Rc1 Rc8 12.dxc5 Nxc5 13.Bh3 e6 14.Nd6 Rc7 15.
Rxc5 Rxc5 16.Bxf6 Bxf6 17.Nxe4 Rd5 18.Qc2 Bg7 19.Rc1 Qa5 20.a4 Rfd8 21.Bf1
a6 22.e3 b5 23.axb5 axb5 24.g4 h6 25.h4 Qa3 26.g5 hxg5 27.hxg5 Qe7 28.Nh2 
f5 29.gxf6 Bxf6 30.Qc6 Be5 31.Ng4 Bb2 32.Rc2 Bg7 33.Bh3 Rh5 34.Kg2 Kh8 35.
Qc7 Qh4 36.Qg3 Qe7 37.Rc7 Qb4 38.Ngf6 Rh6 39.Rxg7 1-0

[Event "14th EUR-ch"]
[Site "Legnica POL"]
[Date "2013.05.05"]
[Round "1"]
[White "Sanikidze, Tornike"]
[Black "Deac, Bogdan-Daniel"]
[Result "1-0"]
[WhiteElo "2549"]
[BlackElo "2183"]
[EventDate "2013.05.05"]
[PlyCount "99"]

1.d4 Nf6 2.c4 c5 3.d5 b5 4.cxb5 a6 5.b6 d6 6.Nc3 Nbd7 7.Nf3 Qxb6 8.e4 g6 
9.Be2 Bg7 10.O-O O-O 11.Nd2 Ne8 12.Nc4 Qd8 13.Bg5 Ne5 14.Ne3 Nc7 15.a4 h6 
16.Bh4 g5 17.Bg3 Rb8 18.Rb1 f5 19.exf5 Bxf5 20.Nxf5 Rxf5 21.f4 gxf4 22.
Rxf4 Rxf4 23.Bxf4 Rb4 24.Qd2 Rd4 25.Qe3 Kh7 26.Rf1 Qe8 27.Bxe5 Bxe5 28.
Bd3+ Kg7 29.Qf3 Qg8 30.Ne2 Rxd3 31.Qxd3 Qxd5 32.Qf5 Bf6 33.Qc8 Qe6 34.Qxe6
Nxe6 35.Nc3 c4 36.Kf2 Nc5 37.Ke3 Be5 38.a5 e6 39.Rd1 Nb3 40.h4 d5 41.Nxd5 
exd5 42.Rxd5 Bxb2 43.Rd7+ Kf8 44.Rd6 c3 45.Kd3 Na1 46.Rxa6 Ke7 47.Rc6 Kd7 
48.Rxc3 Bxc3 49.Kxc3 h5 50.Kb2 1-0

[Event "14th EUR-ch"]
[Site "Legnica POL"]
[Date "2013.05.05"]
[Round "1"]
[White "Huber, Martin Christian"]
[Black "Stocek, Jiri"]
[Result "0-1"]
[WhiteElo "2176"]
[BlackElo "2549"]
[EventDate "2013.05.05"]
[PlyCount "74"]

1.Nf3 d6 2.d4 Bf5 3.c4 Nf6 4.Nc3 h6 5.g3 c6 6.Bg2 e6 7.d5 cxd5 8.cxd5 e5 
9.O-O Nbd7 10.Nh4 Bh7 11.e4 Be7 12.Be3 O-O 13.Kh1 Rc8 14.Nf5 Bxf5 15.exf5 
Qa5 16.Qb3 a6 17.Rae1 b5 18.a3 Qc7 19.Rc1 Qb8 20.h3 Nc5 21.Qa2 Bd8 22.g4 
Bb6 23.Rc2 Ncd7 24.Bxb6 Qxb6 25.Rfc1 Qd4 26.Qb1 Nb6 27.Rd1 Qc4 28.Rdd2 Qf4
29.Kg1 Nc4 30.Rd3 h5 31.Rf3 Qg5 32.Rg3 Rfe8 33.Re2 hxg4 34.hxg4 e4 35.Qe1 
e3 36.f4 Qh4 37.Bf3 Nd2 0-1

[Event "14th EUR-ch"]
[Site "Legnica POL"]
[Date "2013.05.05"]
[Round "1"]
[White "Shengelia, David"]
[Black "Machan, Jan"]
[Result "1-0"]
[WhiteElo "2546"]
[BlackElo "2173"]
[EventDate "2013.05.05"]
[PlyCount "63"]

1.Nf3 Nf6 2.g3 d5 3.Bg2 g6 4.c4 c6 5.cxd5 cxd5 6.Ne5 Bg7 7.Nc3 O-O 8.d4 
Nc6 9.Nxc6 bxc6 10.O-O Bf5 11.Na4 Ne4 12.Bf4 Qa5 13.Rc1 Rfc8 14.b3 Qb4 15.
e3 f6 16.g4 Be6 17.f3 Nd6 18.Rf2 Bf7 19.Nc5 Qa5 20.g5 e5 21.Bg3 Nf5 22.
gxf6 Nxe3 23.Qe2 Bh6 24.dxe5 Nxg2 25.f4 Bf8 26.Nd3 Be6 27.f5 gxf5 28.Rxg2 
Kh8 29.Nf4 Qb6+ 30.Bf2 c5 31.Qh5 h6 32.Ng6+ 1-0

[Event "14th EUR-ch"]
[Site "Legnica POL"]
[Date "2013.05.05"]
[Round "1"]
[White "Cherednichenko, Elena"]
[Black "Handke, Florian"]
[Result "1/2-1/2"]
[WhiteElo "2168"]
[BlackElo "2545"]
[EventDate "2013.05.05"]
[PlyCount "92"]

1.d4 d5 2.Nf3 c6 3.e3 Bf5 4.c4 e6 5.Nc3 Nf6 6.Nh4 Be4 7.f3 Bg6 8.g3 Be7 9.
Qb3 Qc7 10.Be2 a6 11.c5 e5 12.Nxg6 hxg6 13.dxe5 Nfd7 14.e6 fxe6 15.Qc2 Nf8
16.Na4 Nbd7 17.O-O g5 18.Bd2 e5 19.b4 Rd8 20.Rad1 Nf6 21.e4 dxe4 22.Bxg5 
Rxd1 23.Rxd1 exf3 24.Bxf3 Qc8 25.Qe2 Qf5 26.Bxf6 Qxf6 27.Re1 Ne6 28.Qxe5 
Qxe5 29.Rxe5 Kf7 30.Bg4 Nd4 31.Nb6 Rd8 32.Re4 a5 33.Rf4+ Kg6 34.Re4 Kf7 
35.a3 Nc2 36.Rf4+ Bf6 37.Nc4 axb4 38.axb4 Rd4 39.Nd6+ Kf8 40.Nxb7 Rxf4 41.
gxf4 Nxb4 42.Bf3 Bd4+ 43.Kg2 Ke7 44.Na5 Kd7 45.Nb3 Be3 46.Kg3 Kc7 1/2-1/2

[Event "14th EUR-ch"]
[Site "Legnica POL"]
[Date "2013.05.05"]
[Round "1"]
[White "Kraemer, Martin"]
[Black "Krnic, Ivan"]
[Result "1-0"]
[WhiteElo "2544"]
[BlackElo "2166"]
[EventDate "2013.05.05"]
[PlyCount "63"]

1.d4 Nf6 2.c4 g6 3.g3 Bg7 4.Bg2 O-O 5.Nc3 d6 6.Nf3 Nc6 7.O-O Bf5 8.Ne1 Na5
9.e4 Bg4 10.f3 Bc8 11.b3 c5 12.Nc2 Nc6 13.Be3 Nd7 14.Qd2 e5 15.dxe5 dxe5 
16.Rad1 Nd4 17.f4 Qa5 18.Nxd4 exd4 19.Nd5 Qd8 20.Bf2 Nf6 21.h3 Rb8 22.g4 
Nxd5 23.cxd5 b6 24.Bg3 f5 25.gxf5 gxf5 26.e5 Bb7 27.d6 Qd7 28.Bh4 Be4 29.
Rde1 Qb7 30.Rxe4 fxe4 31.Qe2 Qd7 32.Qxe4 1-0

[Event "14th EUR-ch"]
[Site "Legnica POL"]
[Date "2013.05.05"]
[Round "1"]
[White "Musialkiewicz, Pawel"]
[Black "Cyborowski, Lukasz"]
[Result "0-1"]
[WhiteElo "2160"]
[BlackElo "2543"]
[EventDate "2013.05.05"]
[PlyCount "80"]

1.d4 Nf6 2.c4 g6 3.Nc3 Bg7 4.e4 O-O 5.f3 c6 6.Be3 d5 7.e5 Nfd7 8.cxd5 Nb6 
9.dxc6 Nxc6 10.f4 Bf5 11.Nf3 Nb4 12.Rc1 Rc8 13.a3 N6d5 14.Bd2 Nxc3 15.bxc3
Na2 16.Be2 Nxc1 17.Qxc1 Be6 18.O-O Qd7 19.Ne1 Bc4 20.Bxc4 Rxc4 21.Nc2 e6 
22.Ne3 Rc6 23.Qb2 Rd8 24.Ra1 Ra6 25.g4 f6 26.exf6 Bxf6 27.g5 Bg7 28.Ng4 
Rb6 29.Qa2 Qd5 30.Kf2 Kh8 31.Kg3 Qb3 32.Qxb3 Rxb3 33.Kf2 Rxd4 34.Ke2 Rd6 
35.Ra2 Kg8 36.c4 Rc6 37.Ne3 Rb2 38.Rxb2 Bxb2 39.a4 Bd4 40.Nc2 Bg1 0-1

[Event "14th EUR-ch"]
[Site "Legnica POL"]
[Date "2013.05.05"]
[Round "1"]
[White "Mirzoev, Azer"]
[Black "Gebigke, Martin"]
[Result "1-0"]
[WhiteElo "2543"]
[BlackElo "2158"]
[EventDate "2013.05.05"]
[PlyCount "67"]

1.d4 Nf6 2.c4 e6 3.Nc3 d5 4.cxd5 exd5 5.Bg5 Be7 6.e3 O-O 7.Bd3 Nbd7 8.Nge2
Re8 9.h3 c6 10.Qc2 Nf8 11.O-O-O a6 12.g4 Be6 13.Kb1 b5 14.f4 Qa5 15.f5 Bd7
16.Bf4 c5 17.g5 c4 18.gxf6 cxd3 19.Qxd3 Bxf6 20.Nxd5 Bd8 21.e4 b4 22.Ng3 
Bb5 23.Qc2 Ba4 24.b3 Bd7 25.Qc5 Qxc5 26.dxc5 Bc6 27.Nxb4 Bxe4+ 28.Nxe4 
Rxe4 29.Nd5 Rc8 30.Bd6 Nd7 31.Rhe1 Rxe1 32.Rxe1 Bh4 33.Re4 Nf6 34.Ne7+ 1-0

[Event "14th EUR-ch"]
[Site "Legnica POL"]
[Date "2013.05.05"]
[Round "1"]
[White "Xylogiannopoulos, Antonios"]
[Black "Dvirnyy, Danyyil"]
[Result "1/2-1/2"]
[WhiteElo "2147"]
[BlackElo "2541"]
[EventDate "2013.05.05"]
[PlyCount "83"]

1.e4 c5 2.Nf3 d6 3.d4 Nf6 4.Nc3 cxd4 5.Nxd4 g6 6.Be3 a6 7.f3 b5 8.a4 b4 9.
Nd5 Nxd5 10.exd5 Bb7 11.Nb3 Bg7 12.Bd4 Be5 13.Bxe5 dxe5 14.Qd2 Qb6 15.
O-O-O Nd7 16.d6 exd6 17.Qxd6 Qxd6 18.Rxd6 Ke7 19.Rd2 Ra7 20.Be2 Rc8 21.Na5
Nc5 22.b3 Bc6 23.Nxc6+ Rxc6 24.Kb2 Rac7 25.Re1 f5 26.Bf1 Kf6 27.Red1 e4 
28.f4 Ne6 29.g3 e3 30.Re2 Rc3 31.Rd6 g5 32.Bh3 gxf4 33.gxf4 Ke7 34.Rd3 
Rxd3 35.cxd3 Nd4 36.Rxe3+ Kf6 37.Re5 Rc3 38.Ra5 Rxb3+ 39.Kc1 Rc3+ 40.Kb2 
Rc2+ 41.Kb1 Rxh2 42.Rxa6+ 1/2-1/2

[Event "14th EUR-ch"]
[Site "Legnica POL"]
[Date "2013.05.05"]
[Round "1"]
[White "Pap, Gyula"]
[Black "Pogosian, Vladimir"]
[Result "1-0"]
[WhiteElo "2539"]
[BlackElo "2132"]
[EventDate "2013.05.05"]
[PlyCount "81"]

1.Nf3 f5 2.d4 Nf6 3.g3 g6 4.Bg2 Bg7 5.O-O O-O 6.b3 c5 7.e3 Ne4 8.Bb2 Nc6 
9.c4 d6 10.Nc3 Nxc3 11.Bxc3 Bd7 12.Rc1 b6 13.d5 Ne5 14.Ng5 h6 15.Ne6 Bxe6 
16.dxe6 Rc8 17.f4 Ng4 18.Qe2 Bxc3 19.Rxc3 h5 20.e4 Nh6 21.Rd3 Qe8 22.h3 b5
23.Rd5 bxc4 24.Qxc4 fxe4 25.Bxe4 Nf5 26.Qd3 c4 27.bxc4 Rf6 28.Bxf5 Rxf5 
29.g4 Rxd5 30.cxd5 hxg4 31.hxg4 Rc5 32.Rf3 Qf8 33.Qxg6+ Qg7 34.Qe8+ Qf8 
35.Qxf8+ Kxf8 36.f5 Rc4 37.f6 Rxg4+ 38.Kf2 exf6 39.Rxf6+ Ke8 40.Ke3 Rg5 
41.Ke4 1-0

[Event "14th EUR-ch"]
[Site "Legnica POL"]
[Date "2013.05.05"]
[Round "1"]
[White "Prizant, Jaroslav"]
[Black "Wenzel, Birger"]
[Result "1-0"]
[WhiteElo "2537"]
[BlackElo "2110"]
[EventDate "2013.05.05"]
[PlyCount "55"]

1.d4 d5 2.c4 c6 3.Nf3 Nf6 4.Nc3 a6 5.g3 dxc4 6.Bg2 c5 7.dxc5 Qxd1+ 8.Nxd1 
e6 9.Ne5 Bxc5 10.O-O Nd5 11.Nxc4 Nc6 12.Bd2 O-O 13.Rc1 Bd4 14.e3 Ba7 15.
Nc3 Rd8 16.Nxd5 exd5 17.Na5 Ne5 18.Bc3 Nd3 19.Rcd1 Bf5 20.Nxb7 Rd7 21.Na5 
Rc8 22.Nb3 Rb8 23.Rd2 Be4 24.Rfd1 Bxg2 25.Kxg2 Nb4 26.Bxb4 Rxb4 27.Rxd5 
Rxd5 28.Rxd5 1-0

[Event "14th EUR-ch"]
[Site "Legnica POL"]
[Date "2013.05.05"]
[Round "1"]
[White "Henseler, Jorgen"]
[Black "Maiorov, Nikita"]
[Result "1/2-1/2"]
[WhiteElo "2093"]
[BlackElo "2535"]
[EventDate "2013.05.05"]
[PlyCount "86"]

1.e4 a6 2.d4 b5 3.Bd3 Bb7 4.Nf3 e6 5.O-O c5 6.c3 Nf6 7.Re1 Be7 8.Bg5 d6 9.
Nbd2 h6 10.Bxf6 Bxf6 11.Qe2 cxd4 12.cxd4 O-O 13.e5 Be7 14.Rad1 Nd7 15.Bb1 
Re8 16.Ne4 Qb6 17.Qd3 Nf8 18.exd6 Bxd6 19.Nxd6 Qxd6 20.Ne5 Red8 21.Re3 
Rac8 22.h3 Qe7 23.Rg3 Qf6 24.Qe3 Kh8 25.Rg4 Qe7 26.Rg3 Rc7 27.Qf4 Rdc8 28.
Kh2 Rd8 29.Ng4 Qd6 30.Qe3 h5 31.Ne5 h4 32.Rxg7 Kxg7 33.Qg5+ Ng6 34.Bxg6 f6
35.Qxh4 fxe5 36.Rd3 Rh8 37.Qg5 exd4+ 38.Rg3 Qxg3+ 39.Qxg3 Rhc8 40.Be4+ Kf8
41.Qd6+ Kf7 42.Bxb7 Rxb7 43.Qxd4 Rbc7 1/2-1/2

[Event "14th EUR-ch"]
[Site "Legnica POL"]
[Date "2013.05.05"]
[Round "1"]
[White "Zoler, Dan"]
[Black "Ulanowski, Karol"]
[Result "1-0"]
[WhiteElo "2533"]
[BlackElo "2091"]
[EventDate "2013.05.05"]
[PlyCount "61"]

1.d4 Nf6 2.c4 g6 3.Nc3 Bg7 4.e4 d6 5.Nf3 O-O 6.Be2 e5 7.O-O Nc6 8.d5 Ne7 
9.b4 Nh5 10.g3 a5 11.Ba3 f5 12.bxa5 Rxa5 13.Bb4 Ra8 14.c5 Nf6 15.Ng5 h6 
16.cxd6 cxd6 17.Ne6 Bxe6 18.dxe6 Nc8 19.Bc4 Kh8 20.Qe2 Nb6 21.Bb3 Qe7 22.
Rfd1 Nc8 23.Rac1 Rd8 24.exf5 gxf5 25.Qf3 Ne8 26.Qxf5 Nc7 27.Ne4 Rf8 28.Qg6
Ra6 29.Rxc7 Qxc7 30.Ng5 hxg5 31.Qh5+ 1-0

[Event "14th EUR-ch"]
[Site "Legnica POL"]
[Date "2013.05.05"]
[Round "1"]
[White "Gordon, Stephen"]
[Black "Pappelis, Dimitrios"]
[Result "1-0"]
[WhiteElo "2527"]
[BlackElo "2055"]
[EventDate "2013.05.05"]
[PlyCount "45"]

1.d4 d5 2.Nf3 c5 3.c4 e6 4.cxd5 exd5 5.Bg5 Be7 6.Bxe7 Nxe7 7.dxc5 Qa5+ 8.
Nc3 Qxc5 9.e3 Nbc6 10.Be2 O-O 11.O-O Be6 12.Rc1 Rfd8 13.Na4 Qd6 14.Nc5 
Rab8 15.Qa4 b6 16.Nb3 Na5 17.Nbd4 Nc4 18.b3 Bd7 19.Qa6 Bc8 20.Qxa7 Bd7 21.
bxc4 Ra8 22.c5 Qf6 23.Qxb6 1-0

[Event "14th EUR-ch"]
[Site "Legnica POL"]
[Date "2013.05.05"]
[Round "1"]
[White "Chubar, Vladimir"]
[Black "Jaracz, Pawel"]
[Result "0-1"]
[WhiteElo "2053"]
[BlackElo "2527"]
[EventDate "2013.05.05"]
[PlyCount "50"]

1.d4 Nf6 2.Nf3 g6 3.Bg5 Bg7 4.Nbd2 O-O 5.e4 d5 6.Bd3 h6 7.Bh4 dxe4 8.Nxe4 
Nxe4 9.Bxe4 g5 10.Bxg5 hxg5 11.Nxg5 Qd6 12.c3 e5 13.Bh7+ Kh8 14.Bc2 Qh6 
15.Qd3 exd4 16.h4 dxc3 17.bxc3 Nc6 18.Kf1 Nb4 19.cxb4 Bxa1 20.Qc4 Be6 21.
Qe4 Rad8 22.Nxe6 fxe6 23.g3 Rd2 24.f4 e5 25.Ke1 Bc3 0-1

[Event "14th EUR-ch"]
[Site "Legnica POL"]
[Date "2013.05.05"]
[Round "1"]
[White "Sebenik, Matej"]
[Black "Zemlicka, Vit"]
[Result "1-0"]
[WhiteElo "2527"]
[BlackElo "2049"]
[EventDate "2013.05.05"]
[PlyCount "75"]

1.d4 Nf6 2.c4 g6 3.Nc3 Bg7 4.e4 d6 5.Be2 O-O 6.Nf3 e5 7.O-O Nc6 8.d5 Ne7 
9.Ne1 Nd7 10.Nd3 f5 11.Bd2 Kh8 12.Rc1 c5 13.dxc6 bxc6 14.c5 Nxc5 15.Nxc5 
dxc5 16.Be3 Qc7 17.Bxc5 Rd8 18.Qa4 Be6 19.Bc4 Bxc4 20.Qxc4 Nc8 21.Rcd1 Nb6
22.Qe2 Qf7 23.Rxd8+ Rxd8 24.Rd1 Rxd1+ 25.Qxd1 Qd7 26.Qxd7 Nxd7 27.Bxa7 Kg8
28.Kf1 Kf7 29.Ke2 Ke6 30.Kd3 Bf8 31.Kc4 Bd6 32.f3 Nf6 33.a4 Ne8 34.b4 Bc7 
35.Bc5 Nf6 36.a5 Nd7 37.Na4 Nb8 38.Bf2 1-0

[Event "14th EUR-ch"]
[Site "Legnica POL"]
[Date "2013.05.05"]
[Round "1"]
[White "Pavlicek, Miroslav"]
[Black "Petr, Martin"]
[Result "0-1"]
[WhiteElo "2014"]
[BlackElo "2523"]
[EventDate "2013.05.05"]
[PlyCount "66"]

1.d4 Nf6 2.c4 g6 3.Nc3 d5 4.Nf3 Bg7 5.Bg5 Ne4 6.cxd5 Nxg5 7.Nxg5 e6 8.Qd2 
exd5 9.Qe3+ Kf8 10.Qf4 Qd7 11.e4 h6 12.Nf3 dxe4 13.Ne5 Qf5 14.Qxe4 Qxe4+ 
15.Nxe4 Nd7 16.Nxd7+ Bxd7 17.O-O-O Rd8 18.d5 Bf5 19.Ng3 Bc8 20.Bc4 h5 21.
Rhe1 h4 22.Nf1 Rh5 23.Ne3 Re5 24.Kb1 Bd7 25.Rd3 Bf5 26.Rc1 Bxd3+ 27.Bxd3 
Re7 28.Rc4 Bf6 29.Ra4 Bg5 30.Rxa7 Bxe3 31.fxe3 Rxd5 32.Be2 Rxe3 33.Bf3 Rd2
0-1

[Event "14th EUR-ch"]
[Site "Legnica POL"]
[Date "2013.05.05"]
[Round "1"]
[White "Kovalev, Vladislav"]
[Black "Tomczak, Mikolaj"]
[Result "1/2-1/2"]
[WhiteElo "2523"]
[BlackElo "2002"]
[EventDate "2013.05.05"]
[PlyCount "78"]

1.e4 e6 2.d4 d5 3.Nd2 Nf6 4.e5 Nfd7 5.Bd3 c5 6.c3 Nc6 7.Ne2 Qb6 8.Nf3 cxd4
9.cxd4 f6 10.exf6 Nxf6 11.O-O Bd6 12.Bf4 Bxf4 13.Nxf4 Qxb2 14.Re1 O-O 15.
Nxe6 Bxe6 16.Rxe6 Rae8 17.Rxe8 Rxe8 18.Rb1 Qxa2 19.Rxb7 Ne4 20.Qf1 Nd2 21.
Qc1 Nxf3+ 22.gxf3 Nd8 23.Rb8 Qa5 24.Qg5 Qe1+ 25.Kg2 Nf7 26.Rxe8+ Qxe8 27.
Qxd5 Qd8 28.Qc4 g6 29.f4 Kg7 30.Qc5 Qh4 31.h3 Qxf4 32.Qxa7 Qg5+ 33.Kf1 Qd2
34.Be4 Qc1+ 35.Ke2 Qc4+ 36.Kd2 Qb4+ 37.Ke2 Qc4+ 38.Kd2 Qb4+ 39.Ke2 Qc4+ 
1/2-1/2